[Event "It (open) \"]
[Site "masterchessopen.com Hungary"]
[Round "4"]
[White "Juhasz Bela (HUN)"]
[Black "Barson Laszlo (HUN)"]
[Result "1-0"]
[WhiteElo "2124"]
[BlackElo "2029"]

1.d4 Nf6 2.c4 g6 3.Nc3 d5 4.cxd5 Nxd5 5.e4 Nxc3 6.bxc3 Bg7 7.Bc4 c5 8.Ne2 Nc6
9.Be3 O-O 10.O-O Qc7 11.Rc1 e6 12.Qd2 Rd8 13.Rfd1 Na5 14.Bd3 c4 15.Bc2 b6
16.h4 h5 17.Bh6 Bh8 18.Ng3 e5 19.Qg5 Bg4 20.d5 Rd6 21.f3 Bf6 22.Qe3 Bd7 23.Bg5
Qd8 24.f4 Bxg5 25.fxg5 Bg4 26.Rf1 Nb7 27.Rf2 Rd7 28.Nf1 Re7 29.Qg3 Nd6 30.Ne3
Bd7 31.Rcf1 Qc7 32.Rf6 Ne8 33.R6f2 b5 34.d6 Qxd6 35.Nd5 {#r} 1-0

[Event "It (sheveningen)"]
[Site "masterchessopen.com Budapest (Hungary)"]
[Round "0"]
[White "Lakat Gyula (HUN)"]
[Black "Molnar Laszlo (HUN)"]
[Result "0-1"]
[WhiteElo "1859"]
[BlackElo "2140"]

1.c4 Nf6 2.Nc3 d5 3.d4 g6 4.cxd5 Nxd5 5.e4 Nxc3 6.bxc3 Bg7 7.Bc4 c5 8.Ne2 Nc6
9.Be3 O-O 10.O-O Qc7 11.a4 cxd4 12.cxd4 Nxd4 13.Bxf7+ Rxf7 14.Bxd4 e5 15.Rc1
Qa5 16.Bc3 Qa6 17.Kh1 Bd7 18.Ra1 Rc8 19.f3 Be6 20.Re1 Rd7 21.Qc2 Qb6 22.Rab1
Qf2 23.Qb2 Rdc7 24.Rf1 Qe3 25.Rfe1 Rxc3 26.Nxc3 Qxc3 27.Qxb7 Qc7 28.Qb2 Bh6
29.Red1 Be3 30.Qb4 Bd4 31.Qa3 Qc5 32.Qd3 Qc4 33.Qa3 Qe2 34.Re1 Qa2 35.Qe7 Bf7
36.Rb7 Qe6 37.Qa3 Bc5 38.Qd3 Bb6 39.Rd7 Qc4 40.Qd2 Qc3 41.Qd1 Bb3 42.Qb1 Bxa4
43.Rd3 Qc2 44.Rd5 Qxb1 45.Rxb1 Rc5 46.Rd2 Kf7 47.h3 Ke6 48.Kh2 Rc2 49.Rd3 Bc6
50.Rbd1 a5 51.Rb1 Bc7 {#R} 0-1

[Event "It (open) \"]
[Site "masterchessopen.com Budapest (Hungary)"]
[Round "6"]
[White "Havaskori Laszlo (HUN)"]
[Black "Nogrady Vilmos (HUN)"]
[Result "0-1"]
[WhiteElo "2061"]
[BlackElo "2270"]

1.d4 Nf6 2.c4 g6 3.Nc3 d5 4.cxd5 Nxd5 5.e4 Nxc3 6.bxc3 Bg7 7.Bc4 c5 8.Ne2 Nc6
9.Be3 O-O 10.O-O Qc7 11.Rc1 Rd8 12.Bb3 Qa5 13.h3 b5 14.Bd5 Bb7 15.a4 e6
16.Bxc6 Bxc6 17.axb5 Bxe4 18.Ng3 Bb7 19.Qg4 cxd4 20.cxd4 Qxb5 21.Rc5 Qd7
22.Rfc1 Rac8 23.h4 Rxc5 24.dxc5 Qd5 25.Ne2 h5 26.Qg3 a5 27.Nf4 Qe4 28.Qg5 Rc8
29.Rd1 a4 30.Rd7 Bc6 31.Ra7 e5 32.Ne2 Bh6 33.Nc3 Bxg5 34.Nxe4 Bxe3 35.Nd6 Bxc5
36.Nxc8 Bxa7 37.Nxa7 Bd7 {#R} 0-1

[Event "Ch Germany (juniors) (under 20)"]
[Site "masterchessopen.com Hamburg (Germany)"]
[Round "1"]
[White "Meyer Malte (GER)"]
[Black "Hintz Bastian (GER)"]
[Result "1-0"]
[WhiteElo "2315"]
[BlackElo "2047"]

1.d4 Nf6 2.c4 g6 3.Nc3 d5 4.cxd5 Nxd5 5.e4 Nxc3 6.bxc3 Bg7 7.Bc4 c5 8.Ne2 Nc6
9.Be3 O-O 10.O-O Qc7 11.Rc1 Rd8 12.a4 b6 13.Bf4 Qd7 14.d5 Ne5 15.Bb5 Qc7
16.Nd4 a6 17.Bc6 Ra7 18.Bg3 e6 19.Qb3 Qe7 20.Nf3 Nxf3+ 21.gxf3 e5 22.Kg2 Qc7
23.Rb1 Bb7 24.Qxb6 Bxc6 25.dxc6 g5 26.Qxc5 f6 27.Rfd1 Bf8 28.Rxd8 {#r} 1-0

[Event "Ch Hungary (team) 1998/99 (2 liga)"]
[Site "masterchessopen.com Hungary"]
[Round "0"]
[White "Kiss Emese (HUN)"]
[Black "Kis Bela (HUN)"]
[Result "0-1"]
[WhiteElo "2034"]
[BlackElo "2181"]

1.d4 Nf6 2.c4 g6 3.Nc3 d5 4.cxd5 Nxd5 5.e4 Nxc3 6.bxc3 Bg7 7.Bc4 c5 8.Ne2 Nc6
9.Be3 O-O 10.O-O Qc7 11.Rc1 Rd8 12.d5 Na5 13.Qd3 Bd7 14.Bf4 Qc8 15.Rb1 a6
16.Rfe1 b5 17.Bb3 c4 18.Qg3 cxb3 19.Bc7 Nc4 20.Bxd8 bxa2 21.Ra1 Qxd8 22.Rxa2
Qb6 23.Rb1 e6 24.Qd3 Qc5 25.Nc1 exd5 26.Nb3 Qc7 27.exd5 Bf5 28.Qd1 Bxb1
29.Qxb1 Bxc3 30.Qd3 Ne5 31.Qe4 Qc4 32.Qxc4 Nxc4 33.Kf1 a5 34.Ke2 a4 35.Kd3 Rd8
36.Kxc3 axb3 37.Kxb3 Rxd5 38.Kb4 Kg7 {#R} 0-1

[Event "Ch Poland (juniors) (under 14)"]
[Site "masterchessopen.com Zamosc (Poland)"]
[Round "0"]
[White "Kunicki Michal (POL)"]
[Black "Singer Krystian (POL)"]
[Result "0-1"]
[WhiteElo "2015"]
[BlackElo "2178"]

1.d4 Nf6 2.c4 g6 3.Nc3 d5 4.cxd5 Nxd5 5.e4 Nxc3 6.bxc3 Bg7 7.Bc4 c5 8.Ne2 Nc6
9.Be3 O-O 10.O-O Qc7 11.Rc1 Rd8 12.Bf4 e5 13.Bg5 Rd6 14.d5 Na5 15.Bd3 f6
16.Be3 c4 17.Bb1 b6 18.Qd2 Nb7 19.f4 Bg4 20.fxe5 fxe5 21.Rf2 Bxe2 22.Qxe2 Rf6
23.Rxf6 Bxf6 24.Rf1 Rf8 25.Qg4 Qe7 26.Bh6 Rd8 27.h3 Nd6 28.Rxf6 Qxf6 29.Bg5
Qf8 30.Bxd8 Qxd8 31.Qe6+ Nf7 32.Kh2 Kg7 33.Qg4 Qf6 34.Qf3 Nd6 35.a4 h5 36.Qg3
g5 37.Qf3 Qxf3 38.gxf3 h4 39.Kg2 Kf6 40.Kf2 Ke7 41.Ke3 Kd7 42.Kd2 b5 43.axb5
Nxb5 44.Ba2 Nd6 45.Bb1 Kc7 46.Kc1 Kb6 47.Kb2 Kc5 48.Bc2 Ne8 49.Ba4 Nf6 50.Bd1
g4 51.fxg4 Nxe4 52.Bf3 Ng5 53.Bg2 e4 54.Ka3 a5 55.Ka4 Kxd5 56.Kxa5 Kc5 57.Ka4
e3 58.Bf1 Nxh3 59.Ka3 Nf4 {#R} 0-1

[Event "It (open) (b)"]
[Site "masterchessopen.com Zurich (Switzerland)"]
[Round "3"]
[White "Jakob Marcel (SUI)"]
[Black "Kriste Vincent (SUI)"]
[Result "0-1"]
[WhiteElo "2021"]
[BlackElo "2191"]

1.d4 Nf6 2.c4 g6 3.Nc3 d5 4.cxd5 Nxd5 5.e4 Nxc3 6.bxc3 Bg7 7.Bc4 c5 8.Be3 Nc6
9.Ne2 O-O 10.O-O Qc7 11.Bd3 Rd8 12.d5 Ne5 13.c4 Nxd3 14.Qxd3 Bxa1 15.Rxa1 a6
16.Bh6 Qe5 17.Rb1 b5 18.f4 Qh5 19.Bg5 f6 20.Ng3 Qg4 21.h3 bxc4 22.Qc3 Qd7
23.Bh6 Qd6 24.Ne2 Ra7 25.e5 Qxd5 26.exf6 exf6 27.Qxf6 Rf7 28.Qc3 Qd3 29.Qb2
Rb7 30.Qxb7 Bxb7 31.Rxb7 Qxe2 32.Rg7+ Kh8 33.Ra7 Qe1+ 34.Kh2 c3 35.Bg5 Re8
36.Bf6+ Kg8 37.Rg7+ Kf8 38.Rxh7 c2 39.Bg7+ Kg8 {#R} 0-1

[Event "Ch NATO"]
[Site "masterchessopen.com Stetten (Germany)"]
[Date "1999.09.14"]
[Round "2"]
[White "Spencer J"]
[Black "Wantiez Fabrice (BEL)"]
[Result "0-1"]
[WhiteElo "2013"]
[BlackElo "2245"]

1.d4 Nf6 2.c4 g6 3.Nc3 d5 4.cxd5 Nxd5 5.e4 Nxc3 6.bxc3 Bg7 7.Bc4 c5 8.Be3 Nc6
9.Ne2 O-O 10.O-O Qc7 11.Rc1 Rd8 12.Qc2 Na5 13.Qd3 Bd7 14.a3 b5 15.Ba2 c4
16.Qc2 Nb7 17.Qb2 e6 18.Ra1 f5 19.f3 Bc6 20.Bb1 Nd6 21.e5 Ne8 22.Qd2 Qf7
23.Bg5 Rd7 24.Qe3 Nc7 25.Qc1 a5 26.Kh1 Rb8 27.Rd1 Qf8 28.Kg1 h6 29.Be3 Kh7
30.Ba2 Bd5 31.Kf1 Qd8 32.Kg1 Bf8 33.Bd2 Qe7 34.Bb1 Bb7 35.Nf4 Qe8 36.Kf1 Kg8
37.Ne2 Nd5 38.Nf4 g5 39.Nxd5 Bxd5 40.Kg1 Qh5 41.Rf1 g4 42.fxg4 Qxg4 43.Rf2 Rg7
44.Qf1 h5 45.Bc2 b4 46.axb4 axb4 47.Bd1 Qh4 48.Bf3 Qd8 49.Rb1 b3 50.Bh6 Rh7
51.Bxf8 Kxf8 52.Qc1 Ra8 53.Bxd5 Qxd5 54.Qe3 Rg7 55.Qh6 Kg8 56.Qxh5 Qe4 57.Qd1
f4 58.Rbb2 Qe3 59.d5 f3 60.g3 Ra2 61.Rxa2 bxa2 62.Qa4 Qe1+ 63.Rf1 Rxg3+ {#R}
0-1

[Event "Ch Pan-American (juniors) (under 16)"]
[Site "masterchessopen.com Bento Goncalves (Brazil)"]
[Round "7"]
[White "Zafferano Nicolas (ARG)"]
[Black "Lujan Carolina (ARG)"]
[Result "0-1"]
[WhiteElo "2067"]
[BlackElo "2114"]

1.d4 Nf6 2.c4 g6 3.Nc3 d5 4.cxd5 Nxd5 5.e4 Nxc3 6.bxc3 Bg7 7.Bc4 c5 8.Be3 O-O
9.Ne2 Nc6 10.O-O Qc7 11.Rc1 Na5 12.Bd3 b6 13.f4 e6 14.Qe1 f5 15.Ng3 Bb7 16.Qe2
Rfd8 17.Rfd1 Qc6 18.Bb5 Qc7 19.Bd3 Qe7 20.Ba6 Bc6 21.Bb5 cxd4 22.Bxd4 Rac8
23.Bxc6 Nxc6 24.Bxg7 Kxg7 25.Rxd8 Rxd8 26.Rd1 Qc5+ 27.Kh1 Qxc3 28.Rxd8 Nxd8
29.exf5 exf5 30.Nf1 Nf7 31.Qa6 Qc1 32.Kg1 Qc5+ 33.Kh1 Qf2 34.Qc4 Qc5 35.Qe2
Qd4 36.Qf3 b5 37.h3 a5 38.Ng3 b4 39.Kh2 a4 40.Ne2 Qb2 41.Qe3 Qxa2 42.Nd4 Qd5
43.Ne6+ Kg8 44.Nc5 Nd6 45.Nxa4 Qe4 46.Qd2 Qc6 47.Qxb4 Ne4 48.Qb3+ Kg7 49.g4
Qd6 50.Qb2+ Kh6 51.Qc1 fxg4 52.Qe3 Nf6 53.Kg3 Nh5+ 54.Kxg4 Qd1+ 55.Kh4 Qxa4
56.Kg4 Qd1+ 57.Kh4 Qa4 58.Kg4 Nf6+ 59.Kg3 Qe4 {#R} 0-1

[Event "Ch Belgium (b)"]
[Site "masterchessopen.com Gent (Belgium)"]
[Round "2"]
[White "Van Beers Eddy (BEL)"]
[Black "Wantiez Fabrice (BEL)"]
[Result "1-0"]
[WhiteElo "2346"]
[BlackElo "2244"]

1.d4 Nf6 2.c4 g6 3.Nc3 d5 4.cxd5 Nxd5 5.e4 Nxc3 6.bxc3 Bg7 7.Bc4 c5 8.Ne2 Nc6
9.Be3 O-O 10.O-O Qc7 11.Rc1 Rd8 12.Nf4 e6 13.d5 Na5 14.Qe2 Nxc4 15.Qxc4 e5
16.Nd3 b6 17.f4 a5 18.Qb3 a4 19.Qb1 f6 20.Rf2 Bh6 21.c4 Re8 22.Re1 Bd7 23.fxe5
Bxe3 24.Rxe3 fxe5 25.Ref3 Rf8 26.Rxf8+ Rxf8 27.Rxf8+ Kxf8 28.Qb2 Be8 29.a3 b5
30.cxb5 c4 31.b6 Qb8 32.Nxe5 c3 33.Qb4+ Kg8 34.Nd3 c2 35.Qc5 Bb5 36.Qxb5 Qf4
37.Nxf4 {#r} 1-0

[Event "Bayern Landesliga South 2000/01"]
[Site "masterchessopen.com Germany"]
[Round "7"]
[White "Ruether Rudolf (GER)"]
[Black "Wuerdinger Alexander (GER)"]
[Result "1-0"]
[WhiteElo "2145"]
[BlackElo "2099"]

1.d4 Nf6 2.c4 g6 3.Nc3 d5 4.cxd5 Nxd5 5.e4 Nxc3 6.bxc3 Bg7 7.Bc4 c5 8.Ne2 Nc6
9.Be3 O-O 10.O-O Qc7 11.Rc1 Rd8 12.Bf4 Qd7 13.d5 Na5 14.Bd3 e5 15.Bg5 f6
16.Be3 c4 17.Bc2 g5 18.Ng3 b6 19.Qd2 Qf7 20.Bd1 Nb7 21.Bh5 Qe7 22.Qe2 Nd6
23.Bg4 h6 24.Rcd1 Bf8 25.Bc1 Bxg4 26.Qxg4 Qd7 27.Qe2 Qa4 28.Nh5 Be7 29.g3 Kf8
30.f4 gxf4 31.gxf4 Qe8 32.Qg4 Qf7 33.fxe5 Nb5 34.Bxh6+ Ke8 35.Nxf6+ Bxf6
36.Rxf6 {#r} 1-0

[Event "Ch Hungary (team) 1999/00 (2 liga)"]
[Site "masterchessopen.com Hungary"]
[Round "9"]
[White "Koczo Kristof (HUN)"]
[Black "Leviczki Tibor (HUN)"]
[Result "1-0"]
[WhiteElo "2077"]
[BlackElo "2123"]

1.d4 Nf6 2.c4 g6 3.Nc3 d5 4.cxd5 Nxd5 5.e4 Nxc3 6.bxc3 Bg7 7.Bc4 c5 8.Ne2 Nc6
9.Be3 O-O 10.O-O Qc7 11.Rc1 Rd8 12.Qe1 Qa5 13.Rd1 cxd4 14.cxd4 Qxe1 15.Rfxe1
b6 16.Bd5 Bb7 17.Bg5 Rd7 18.f3 e6 19.Bxc6 Bxc6 20.Be3 Rad8 21.Rc1 Bb7 22.Rc3
Ba6 23.e5 f6 24.f4 f5 25.Kf2 Bb7 26.Rec1 Bd5 27.a3 Bf8 28.Rc8 b5 29.R1c7 Rxc7
30.Rxc7 a6 31.Nc3 Bxa3 32.Nxd5 Rxd5 33.Ra7 Bb2 34.Rxa6 Kf7 35.Ra7+ Kf8 36.Rxh7
Bxd4 37.Rb7 Bc3 38.Ke2 b4 39.Rb6 Kf7 40.Rb7+ Kf8 41.Rb6 Ke7 42.Rb7+ Kf8 43.Rb6
Ke7 44.Rb7+ Kd8 45.Rb6 Kd7 46.Rb7+ Kc6 47.Rb6+ Kd7 48.Rb7+ Ke8 49.Rb6 Kf7
50.Rb7+ Kf8 51.Rb6 Kg7 52.Rxe6 b3 53.Rb6 b2 54.Rb3 Kf7 55.h3 Rd8 56.Rb7+ Ke6
57.Rb3 Rd7 58.Rb6+ Kd5 59.Kd3 Bxe5 60.fxe5 Kxe5+ 61.Ke2 Rg7 62.Rxb2 g5 63.Rb4
Rg6 64.Rb5+ Ke4 65.Rb6 Rg8 66.Re6+ Kd5 67.Rh6 Re8 68.Rh5 f4 69.Rxg5+ Kd6 {#r}
1-0

[Event "Ch Hungary (team) 1999/00 (2 liga)"]
[Site "masterchessopen.com Hungary"]
[Round "8"]
[White "Leviczki Tibor (HUN)"]
[Black "Kis Bela (HUN)"]
[Result "0-1"]
[WhiteElo "2123"]
[BlackElo "2215"]

1.d4 Nf6 2.c4 g6 3.Nc3 d5 4.cxd5 Nxd5 5.e4 Nxc3 6.bxc3 Bg7 7.Bc4 c5 8.Ne2 Nc6
9.Be3 O-O 10.O-O Qc7 11.Rc1 Rd8 12.Bf4 Qd7 13.d5 Ne5 14.Bb3 c4 15.Bc2 b5
16.Nd4 Bb7 17.Rb1 a6 18.Bg5 h6 19.Bh4 Rab8 20.h3 Qd6 21.f4 Nd7 22.Qf3 Nc5
23.Bg3 Rf8 24.Qe3 f5 25.Nc6 Bxc6 26.dxc6 e6 27.exf5 exf5 28.Bf2 Nd3 29.Bxd3
cxd3 30.Qc5 Qxc5 31.Bxc5 Rfc8 32.c7 Rb7 33.Bd6 Rb6 34.Be7 Kf7 35.Bd8 Bf6
36.Bxf6 Kxf6 37.Rf3 Rd6 38.Rd1 d2 39.Rf2 Rxc7 40.Rfxd2 Rxd2 41.Rxd2 Ke6 42.Rd3
Rc4 43.g3 Ra4 44.Kf2 Rxa2+ 45.Ke3 Rc2 46.Kd4 Kd6 47.Rd1 a5 48.g4 Re2 49.gxf5
gxf5 50.Rb1 Kc6 51.Rg1 Re4+ 52.Kd3 Rxf4 53.Rg6+ Kd5 54.Rxh6 Rf3+ 55.Kd2 Kc4
56.Rc6+ Kb3 57.Rc5 b4 58.cxb4 axb4 59.h4 Kb2 60.h5 b3 61.h6 Rh3 62.Rxf5 Rxh6
63.Kd3 Rd6+ 64.Kc4 Rc6+ 65.Kd3 Kb1 66.Rf1+ Ka2 67.Rf8 Ra6 68.Rf2+ b2 69.Kc3
Ka1 {#R} 0-1

[Event "Ch Moscow"]
[Site "masterchessopen.com Moscow (Russia)"]
[Round "8"]
[White "Panteleev Alexandr (RUS)"]
[Black "Leontiev Aleksandr V (RUS)"]
[Result "0-1"]
[WhiteElo "2077"]
[BlackElo "2386"]

1.d4 Nf6 2.c4 g6 3.Nc3 d5 4.cxd5 Nxd5 5.e4 Nxc3 6.bxc3 Bg7 7.Bc4 c5 8.Ne2 Nc6
9.Be3 O-O 10.O-O Qc7 11.Qd2 Bd7 12.Rad1 cxd4 13.cxd4 Na5 14.Bd3 Nc4 15.Qc2
Rfc8 16.Bf4 e5 17.Bg3 b5 18.Bxc4 Qxc4 19.Qxc4 Rxc4 20.dxe5 Be8 21.Nd4 Rd8
22.Nb3 Rxd1 23.Rxd1 Rxe4 24.f3 Re2 25.Rd8 Kf8 26.Nc5 g5 27.f4 Ke7 28.Rc8 a5
29.Kf1 Bd7 30.Rg8 Rxa2 31.Rxg7 b4 32.Nxd7 b3 33.e6 b2 34.Rxf7+ Kxe6 35.Rf6+
Kxd7 36.Rb6 gxf4 37.Bxf4 Ra1+ 38.Ke2 b1=Q 39.Rxb1 Rxb1 40.Kf3 Rf1+ {#R} 0-1

[Event "It \"]
[Site "masterchessopen.com Kecskemet (Hungary)"]
[Date "2000.06.21"]
[Round "5"]
[White "Eckhardt Wladislaw (GER)"]
[Black "Bromberger Stefan (GER)"]
[Result "0-1"]
[WhiteElo "2256"]
[BlackElo "2375"]

1.d4 Nf6 2.c4 g6 3.Nc3 d5 4.cxd5 Nxd5 5.e4 Nxc3 6.bxc3 Bg7 7.Bc4 c5 8.Ne2 Nc6
9.Be3 O-O 10.O-O Qc7 11.Rc1 Rd8 12.f4 e6 13.Qd2 Na5 14.Bd3 f5 15.Ng3 b6 16.Qf2
Bb7 17.Rfd1 cxd4 18.cxd4 Qd7 19.d5 fxe4 20.Bxe4 exd5 21.f5 Qe7 22.fxg6 dxe4
23.Nf5 Qf6 24.Nh6+ Kf8 25.Rf1 Qxf2+ 26.Rxf2+ Ke8 27.gxh7 Bd5 28.Rcf1 Bh8
29.Nf7 Bxf7 30.Rxf7 Nc6 31.Bh6 Ne5 32.Rc7 Ng6 33.Re1 Rd7 34.Rxe4+ Kd8 35.Rc6
Rd1+ 36.Kf2 Ne5 37.Bf4 Nxc6 {#R} 0-1

[Event "Cup Pannon"]
[Site "masterchessopen.com Kaposvar (Hungary)"]
[Round "4"]
[White "Turzo Attila (HUN)"]
[Black "Horvath Attila (HUN)"]
[Result "1-0"]
[WhiteElo "2360"]
[BlackElo "2050"]

1.d4 Nf6 2.c4 g6 3.Nc3 d5 4.cxd5 Nxd5 5.e4 Nxc3 6.bxc3 Bg7 7.Bc4 c5 8.Ne2 Nc6
9.Be3 Qc7 10.O-O O-O 11.d5 Rd8 12.Bf4 Be5 13.Bg3 Bxg3 14.Nxg3 e6 15.Qe2 Na5
16.f4 Nxc4 17.Qxc4 exd5 18.exd5 Rd6 19.Ne4 b5 20.Qb3 Qb6 21.c4 Rxd5 22.Nf6+
Qxf6 23.cxd5 Qd4+ 24.Kh1 Bd7 25.Rad1 Qf6 26.Qe3 Rc8 27.Rc1 Qd6 28.Qe5 Qxe5
29.fxe5 c4 30.Rf6 Kg7 31.Rcf1 Bf5 32.Rc6 Re8 33.Re1 Rd8 34.e6 fxe6 35.dxe6 Re8
36.Re5 a6 37.Rxa6 c3 38.e7 c2 39.Rc6 b4 40.Kg1 Kf7 41.Kf2 Ra8 42.e8=Q+ Rxe8
43.Rc7+ Kf8 44.Rxe8+ Kxe8 45.Ke3 Kd8 46.Rc5 Kd7 47.Kd2 Kd6 48.Rb5 Be6 49.Rxb4
c1=Q+ 50.Kxc1 Bxa2 51.Kd2 Ke6 52.Ke3 Kf6 53.Kf4 Kg7 54.Ke5 h5 55.Rb7+ Kh6
56.Kf6 Bg8 57.h4 {#r} 1-0

[Event "Tournament (team) \"]
[Site "masterchessopen.com Argentina"]
[Round "0"]
[White "Berrotaran Esteban (ARG)"]
[Black "Martin Luis Cesar (ESP)"]
[Result "1-0"]
[WhiteElo "2199"]
[BlackElo "2058"]

1.d4 Nf6 2.c4 g6 3.Nc3 d5 4.cxd5 Nxd5 5.e4 Nxc3 6.bxc3 Bg7 7.Bc4 c5 8.Ne2 Nc6
9.Be3 O-O 10.O-O Qc7 11.Rc1 Rd8 12.Bf4 Qd7 13.d5 Ne5 14.Bb3 Qb5 15.c4 Qd7
16.h3 a6 17.Be3 Qc7 18.f4 Nd7 19.Qe1 Nf8 20.Qf2 b6 21.f5 gxf5 22.exf5 Nd7
23.Bf4 Be5 24.f6 exf6 25.Qh4 Nf8 26.Qxf6 Bxf4 27.Nxf4 Qd6 28.Qg5+ Ng6 29.Nh5
Qf8 30.Bc2 Rd6 31.Nf6+ Kg7 32.Bxg6 hxg6 33.Qe5 Kh6 34.Rf4 g5 35.h4 gxh4
36.Qh5+ {#r} 1-0

[Event "Oberliga East B 2000/01"]
[Site "masterchessopen.com Germany"]
[Round "5"]
[White "Klemm Dietmar (GER)"]
[Black "Schnitzspan Lothar (GER)"]
[Result "0-1"]
[WhiteElo "2177"]
[BlackElo "2341"]

1.d4 Nf6 2.c4 g6 3.Nc3 d5 4.cxd5 Nxd5 5.e4 Nxc3 6.bxc3 Bg7 7.Bc4 c5 8.Ne2 Nc6
9.Be3 O-O 10.O-O Qc7 11.Rc1 Rd8 12.h3 b6 13.Qd2 Bb7 14.Bb3 b5 15.Rfd1 Na5
16.d5 c4 17.Bc2 e5 18.f4 f6 19.Qe1 Bc8 20.Qg3 Qd7 21.Rf1 Nb7 22.Kh1 Nd6
23.fxe5 fxe5 24.Ng1 Bb7 25.Nf3 Nf7 26.Nh2 Qe7 27.Rf3 Rf8 28.Rcf1 Bc8 29.Qf2
Nd6 30.Rxf8+ Qxf8 31.Qh4 Nf7 32.Bd1 Qd8 33.Qf2 Qe7 34.Bc5 Qc7 35.Ng4 Bxg4
36.Bxg4 Nd6 37.Be6+ Kh8 38.Bxd6 Qxd6 39.Qe3 Rf8 40.Rb1 a6 41.Qa7 Qa3 42.Bg4 h5
43.Bf3 Qxc3 44.Qxa6 Rxf3 45.Qxg6 Rf8 46.Qxh5+ Kg8 47.Qg4 Qd2 48.Rd1 Qf4
49.Qe6+ Qf7 50.Qc6 Qe8 51.Qc5 Qd7 52.d6 Kh8 53.Qd5 c3 54.Rc1 b4 55.a3 Bh6
56.Rc2 Qg7 57.Qd1 Bd2 58.axb4 Qf7 59.b5 Qf1+ 60.Qxf1 Rxf1+ 61.Kh2 Rf6 62.Ra2
Rxd6 63.Ra8+ Kg7 64.Rc8 Bf4+ 65.Kg1 Be3+ 66.Kf1 Bd4 {#R} 0-1

[Event "It \"]
[Site "masterchessopen.com St. Petersburg (Russia)"]
[Round "1"]
[White "Turikov Viktor (RUS)"]
[Black "Kassimski Kiril (RUS)"]
[Result "1-0"]
[WhiteElo "2360"]
[BlackElo "2025"]

1.d4 Nf6 2.c4 g6 3.Nc3 d5 4.cxd5 Nxd5 5.e4 Nxc3 6.bxc3 Bg7 7.Bc4 c5 8.Ne2 Nc6
9.Be3 O-O 10.O-O Qc7 11.Rc1 Rd8 12.h3 a6 13.a4 e6 14.f4 Qe7 15.Qd2 Rb8 16.Rb1
Na5 17.Bxa6 Qc7 18.Bb5 Bd7 19.Qa2 Bc6 20.e5 Be4 21.Rbc1 Bf8 22.Ng3 Bc6 23.Qf2
Bxb5 24.axb5 Nc4 25.Ne4 Nxe3 26.Qxe3 cxd4 27.cxd4 Qb6 28.Rcd1 Qxb5 29.g4 Ra8
30.f5 Ra3 31.Qf4 exf5 32.gxf5 Qb3 33.fxg6 hxg6 34.Qh4 Qe3+ 35.Rf2 Qh6 36.Qxd8
Rxh3 37.Nf6+ Kg7 38.Qd5 Rg3+ 39.Kf1 Qh3+ 40.Ke2 Re3+ 41.Kd2 Rd3+ 42.Kc2 Rc3+
43.Kb2 Rc8 44.Qb3 Qh5 45.Qf3 {#r} 1-0

[Event "It (open)"]
[Site "masterchessopen.com Gyongyos (Hungary)"]
[Date "2001.04.12"]
[Round "2"]
[White "Foldi Istvan (HUN)"]
[Black "Banszegi Attila (HUN)"]
[Result "1-0"]
[WhiteElo "2332"]
[BlackElo "2122"]

1.d4 Nf6 2.c4 g6 3.Nc3 d5 4.cxd5 Nxd5 5.e4 Nxc3 6.bxc3 Bg7 7.Bc4 c5 8.Ne2 Nc6
9.Be3 O-O 10.O-O Qc7 11.Rc1 Rd8 12.Bf4 e5 13.Bg5 Rd6 14.Bd5 Ne7 15.dxc5 Ra6
16.Bc4 Rc6 17.Be3 a6 18.Qb3 Be6 19.Bd5 Qc8 20.c4 Rc7 21.Nc3 Rb8 22.Na4 Nc6
23.Kh1 Qe8 24.Rfd1 Bf8 25.Rb1 Kh8 26.Qc3 Bd7 27.Nb6 Nd8 28.Nxd7 Rxd7 29.Rb6
Bg7 30.Rdb1 Re7 31.Qa3 Qd7 {#r} 1-0

[Event "It (open)"]
[Site "masterchessopen.com Cseppko (Hungary)"]
[Date "2001.07.22"]
[Round "9"]
[White "Karolyfalvi Zoltan (HUN)"]
[Black "Pirau Horatiu (ROM)"]
[Result "0-1"]
[WhiteElo "2180"]
[BlackElo "2176"]

1.d4 Nf6 2.c4 g6 3.Nc3 d5 4.cxd5 Nxd5 5.e4 Nxc3 6.bxc3 Bg7 7.Bc4 c5 8.Be3 O-O
9.Ne2 Nc6 10.O-O Qc7 11.Rc1 Rd8 12.a4 Na5 13.Ba2 c4 14.Nf4 e6 15.Qc2 b6 16.d5
e5 17.Ne2 Bd7 18.f4 f6 19.fxe5 fxe5 20.Kh1 Rf8 21.Ng1 Rxf1 22.Rxf1 Qd6 23.Bc1
Rf8 24.Rxf8+ Qxf8 25.Nf3 Qe8 26.Qe2 Bxa4 27.Bxc4 Qc8 28.Bb5 Bb3 29.Qb2 Bc4
30.Bg5 a6 31.Bxc4 Nxc4 32.Qa2 b5 33.d6 Bf8 34.d7 Qxd7 35.Qxa6 Qd1+ 36.Ng1 Qd7
37.h3 Nd6 38.Qa8 Qb7 39.Qxb7 Nxb7 40.Bf6 Nd6 41.Bxe5 Nxe4 42.Ne2 Bg7 43.Bxg7
Kxg7 44.g4 Kf6 45.Kg2 Ke5 46.Kf3 g5 47.Ke3 Kd5 48.Kf3 Nd6 49.Nd4 b4 50.Ke3
bxc3 51.Nf3 Nc4+ 52.Kd3 Ne5+ 53.Nxe5 Kxe5 54.Kxc3 Kf4 {#R} 0-1

[Event "It (open) (seniors)"]
[Site "masterchessopen.com Bad Harzburg (Germany)"]
[Round "1"]
[White "Penndorf Dietrich (GER)"]
[Black "Packroff Hermann (GER)"]
[Result "1-0"]
[WhiteElo "1943"]
[BlackElo "2240"]

1.d4 Nf6 2.c4 g6 3.Nc3 d5 4.cxd5 Nxd5 5.e4 Nxc3 6.bxc3 Bg7 7.Bc4 c5 8.Ne2 Nc6
9.Be3 O-O 10.O-O Qc7 11.Rb1 Rd8 12.Qd2 cxd4 13.cxd4 Nxd4 14.Nxd4 Qxc4 15.Rfd1
e5 16.Qc2 Rxd4 17.Qxc4 Rxc4 18.Rd8+ Bf8 19.Bh6 Be6 20.Rxa8 Rc8 21.Rxc8 Bxc8
22.Bxf8 Kxf8 23.f3 Ke7 24.Kf2 b6 25.Ke3 Be6 26.a4 Kd6 27.a5 Kc5 28.axb6 axb6
29.Kd3 b5 30.Kc3 Bc4 31.Rb2 Kd6 32.Kb4 h5 33.h4 Ke6 34.Kc5 Ke7 35.Rd2 Ke6
36.g4 f6 37.g5 fxg5 38.hxg5 Ke7 39.Rd6 Kf7 40.Rf6+ Kg7 41.f4 exf4 42.Rxf4 Bd3
43.Kd4 Bc2 44.Rf2 Bb3 45.e5 h4 46.Rh2 Kf7 47.Rxh4 Ke6 48.Rf4 Bc2 49.Rf6+ Ke7
50.Rb6 {#r} 1-0

[Event "It (open)"]
[Site "masterchessopen.com Davos (Switzerland)"]
[Round "1"]
[White "Moser Philippe (SUI)"]
[Black "Hugentobler Patrick (SUI)"]
[Result "0-1"]
[WhiteElo "2031"]
[BlackElo "2271"]

1.d4 Nf6 2.c4 g6 3.Nc3 d5 4.cxd5 Nxd5 5.e4 Nxc3 6.bxc3 Bg7 7.Bc4 c5 8.Be3 Nc6
9.Ne2 O-O 10.O-O Qc7 11.Rc1 Rd8 12.Qe1 Qa5 13.Bd5 e6 14.Bxc6 bxc6 15.dxc5 Ba6
16.Nd4 Rac8 17.f4 Bxf1 18.Qxf1 Qc7 19.Qf2 e5 20.fxe5 Qxe5 21.Rf1 Rd7 22.Qf3
Re8 23.Nxc6 Qxe4 24.Qxe4 Rxe4 25.Bd4 Rc7 26.Nb4 Bxd4+ 27.cxd4 Rxd4 28.Na6 Rc6
{#R} 0-1

[Event "Bundesliga (2nd) North 2001/02"]
[Site "masterchessopen.com Germany"]
[Round "5"]
[White "Lauber Arnd (GER)"]
[Black "Zezulkin Jurij (BLR)"]
[Result "0-1"]
[WhiteElo "2422"]
[BlackElo "2524"]

1.d4 Nf6 2.c4 g6 3.Nc3 d5 4.cxd5 Nxd5 5.e4 Nxc3 6.bxc3 Bg7 7.Bc4 c5 8.Ne2 Nc6
9.Be3 O-O 10.O-O Qc7 11.Rc1 Rd8 12.Bf4 Qd7 13.d5 Na5 14.Bd3 e5 15.Bg5 f6
16.Be3 c4 17.Bc2 b6 18.f4 Nb7 19.f5 Nd6 20.Ng3 Qe7 21.fxg6 hxg6 22.h4 Kf7
23.h5 Rh8 24.Rf2 Bh6 25.Qd2 Bxe3 26.Qxe3 gxh5 27.Rcf1 Bg4 28.Qg5 f5 29.Qxe7+
Kxe7 30.exf5 Kf6 31.a4 Rac8 32.Ne4+ Nxe4 33.Bxe4 Rhd8 34.a5 bxa5 35.Ra1 Rc5
36.Rb2 Kg5 37.f6 Kxf6 38.Rb7 Rd7 39.Rb8 Be2 40.Re8 Bd3 41.Re6+ Kg5 42.Bf3 e4
43.Bxe4 Bxe4 44.Rxe4 Rdxd5 45.Ra4 Kf5 46.Rexc4 Rxc4 47.Rxc4 Ke6 48.Kf2 Rf5+
49.Ke3 Rg5 50.Ra4 Kd6 51.Ra2 Kc6 52.c4 a6 53.Kd4 h4 54.Kc3 Rg3+ 55.Kd4 Rg4+
56.Kc3 Rg3+ 57.Kd4 Rg4+ 58.Kc3 Kb6 59.Rf2 Rg3+ 60.Kd4 a4 61.c5+ Kb5 62.Rb2+
Rb3 63.Re2 Kc6 64.Kc4 a5 65.Rf2 Rb4+ 66.Kc3 a3 67.Ra2 Rg4 68.Kb3 Rg3+ 69.Kc4
Rg4+ 70.Kb3 Kxc5 71.Kxa3 Kd5 72.Kb3 a4+ 73.Ka3 Kd4 74.Rb2 {#R} 0-1

[Event "It (open)"]
[Site "masterchessopen.com Vins du Medoc (France)"]
[Round "4"]
[White "Behrhorst Frank (GER)"]
[Black "Mayer Jean-Marc (FRA)"]
[Result "1-0"]
[WhiteElo "2291"]
[BlackElo "2208"]

1.d4 Nf6 2.c4 g6 3.Nc3 d5 4.cxd5 Nxd5 5.e4 Nxc3 6.bxc3 Bg7 7.Bc4 c5 8.Ne2 Nc6
9.Be3 O-O 10.O-O Qc7 11.Rc1 b6 12.f3 Bb7 13.Qe1 cxd4 14.cxd4 Qd7 15.Qd2 Rac8
16.Bb5 a6 17.Ba4 b5 18.Bb3 e6 19.Rfd1 Rfd8 20.d5 exd5 21.Bxd5 Ne5 22.Bxb7 Qxb7
23.Qxd8+ Rxd8 24.Rxd8+ Bf8 25.Rcc8 Nd7 26.Bh6 Qb6+ 27.Kf1 {#r} 1-0